[Event "Open"]
[Site "Porto San Giorgio ITA"]
[Date "2000.08.20"]
[Round "1"]
[White "Rausis,I"]
[Black "Piva,G"]
[Result "1-0"]
[WhiteElo "2551"]
[BlackElo "2143"]

1.d4 d5 2.c4 dxc4 3.Nf3 Nf6 4.e3 e6 5.Bxc4 c5 6.O-O a6 7.b3 b6 8.Bb2 Bb7
9.Nbd2 cxd4 10.Nxd4 Nc6 11.Nxc6 Bxc6 12.Rc1 Qd7 13.Qc2 Bb7 14.Rfd1 Qc6 15.Nf3 b5
16.Be2 Rc8 17.Qxc6+ Rxc6 18.Rxc6 Bxc6 19.Rc1 Bd7 20.Rc7 Bd6 21.Ra7 Bc8 22.Be5 Ne4
23.Bxg7 Rg8 24.Bd4 Be7 25.Bd3 f5 26.Ne5 Nd6 27.Bc5 Nb7 28.Ra8  1-0

[Event "5th Paks Cup GM"]
[Site "Paks HUN"]
[Date "2000.08.22"]
[Round "4"]
[White "Atanu,L"]
[Black "Arnold,L"]
[Result "1/2-1/2"]
[WhiteElo "2385"]
[BlackElo "2435"]

1.d4 d5 2.c4 dxc4 3.Nf3 Nf6 4.e3 e6 5.Bxc4 c5 6.O-O a6 7.Bd3 Nbd7 8.Re1 Be7
9.e4 cxd4 10.e5 Nd5 11.Bc4 N7b6 12.Bf1 O-O 13.Nxd4 Bd7 14.Nd2 Rc8 15.Ne4 Qc7
16.Bg5 Bxg5 17.Nxg5 h6 18.Ngf3 Na4  1/2-1/2

[Event "ch-NED Women"]
[Site "Rotterdam NED"]
[Date "2000.08.24"]
[Round "3"]
[White "Bosboom Lanchava,T"]
[Black "Peng Zhaoqin"]
[Result "1/2-1/2"]
[WhiteElo "2272"]
[BlackElo "2403"]

1.d4 d5 2.c4 dxc4 3.e3 e6 4.Bxc4 Nf6 5.Nf3 c5 6.O-O a6 7.a3 b5 8.Be2 Bb7
9.Nc3 Nbd7 10.dxc5 Bxc5 11.b4 Be7 12.Qb3 O-O 13.Rd1 Rc8 14.Bb2 Qb6 15.Rac1 Rfd8
16.h3 h6 17.Qa2 Ba8 18.Ba1 Qb7 19.Bf1 Nb6 20.Rxd8+ Rxd8 21.a4  1/2-1/2

[Event "ch-ESP"]
[Site "Barcelona ESP"]
[Date "2000.08.26"]
[Round "8"]
[White "Carrasco Martinez,J"]
[Black "Baron Rodriguez,Je"]
[Result "1-0"]
[WhiteElo "2265"]
[BlackElo "2384"]

1.d4 Nf6 2.Nf3 d5 3.c4 dxc4 4.e3 c5 5.Bxc4 e6 6.O-O a6 7.a3 b5 8.Ba2 Bb7
9.dxc5 Bxc5 10.Qxd8+ Kxd8 11.b4 Bd6 12.Bb2 Nbd7 13.Nbd2 Ke7 14.h3 Rhg8 15.Rfe1 Rac8
16.Bb3 g5 17.e4 g4 18.e5 gxf3 19.exd6+ Kxd6 20.g3 Ke7 21.Rad1 h5 22.h4 Rg4
23.Nf1 Rcg8 24.Ne3 Rf4 25.Kf1 Ng4 26.Rxd7+ Kxd7 27.Rd1+ Ke7 28.gxf4 Nh2+
29.Ke1 Rg1+ 30.Kd2 Rg2 31.Bd4 Rxf2+ 32.Kc3 Re2 33.Rd2 Be4 34.Rxe2 fxe2 35.Bc5+ Kf6
36.Kd2 Nf3+ 37.Kxe2 Nxh4 38.Bd4+ Kg6 39.Kf2 Nf3 40.Bc3 Nh4 41.Bd1 Nf5 42.Nxf5 Kxf5
43.Bxh5 Kxf4 44.Bxf7 Bd5 45.Ke2 Ke4 46.Bg6+ Kf4 47.Be8 e5 48.Bd7 Bc4+ 49.Kd2 e4
50.Bd4 Kf3 51.Bc8 Bd5 52.Bxa6 Bc6 53.a4 bxa4 54.b5 Bd5 55.b6  1-0

[Event "5th Paks Cup GM"]
[Site "Paks HUN"]
[Date "2000.08.29"]
[Round "11"]
[White "Lipinsky,F"]
[Black "Sulava,N"]
[Result "1/2-1/2"]
[WhiteElo "2362"]
[BlackElo "2549"]

1.d4 d5 2.c4 dxc4 3.Nf3 Nf6 4.e3 e6 5.Bxc4 c5 6.O-O a6 7.a4 Nc6 8.Nc3 Be7
9.Qe2 cxd4 10.Rd1 O-O 11.exd4 Nb4  1/2-1/2

[Event "Open"]
[Site "Cesenatico ITA"]
[Date "2000.09.06"]
[Round "5"]
[White "Lucchi,V"]
[Black "Andreazza,A"]
[Result "1-0"]
[WhiteElo "2135"]
[BlackElo "2055"]

1.d4 d5 2.c4 dxc4 3.Nf3 Nf6 4.e3 e6 5.Bxc4 c5 6.O-O a6 7.a4 b6 8.Nc3 Bb7
9.e4 cxd4 10.Nxd4 Bc5 11.Be3 Nxe4 12.Nxe4 Bxe4 13.Qg4 Bg6 14.Nxe6 fxe6 15.Bxc5 bxc5
16.Qxe6+ Kf8 17.Rad1 Qc7 18.Rfe1 Ra7 19.Rd3 Bf7 20.Qxf7+ Qxf7 21.Rd8+ Qe8
22.Rdxe8+  1-0

[Event "It"]
[Site "Herzeliya ISR"]
[Date "2000.09.10"]
[Round "5"]
[White "Bykhovsky,Av"]
[Black "Zifroni,D"]
[Result "1/2-1/2"]
[WhiteElo "2415"]
[BlackElo "2527"]

1.d4 d5 2.c4 dxc4 3.Nf3 Nf6 4.e3 e6 5.Bxc4 c5 6.O-O a6 7.Bb3 Nc6 8.Qe2 cxd4
9.Rd1 Be7 10.Nxd4 Nxd4 11.exd4 Bd7 12.Nc3 Bc6 13.Bg5 O-O 14.Bxf6 Bxf6 15.d5 exd5  1/2-1/2

[Event "chT-POL"]
[Site "Zakopane chT"]
[Date "2000.09.12"]
[Round "10"]
[White "Wojcieszyn,J"]
[Black "Weglarz,L"]
[Result "1/2-1/2"]
[WhiteElo "2308"]
[BlackElo "2335"]

1.d4 d5 2.Nf3 e6 3.c4 dxc4 4.e3 c5 5.Bxc4 Nf6 6.O-O a6 7.Nc3 b5 8.Bb3 Bb7
9.Qe2 Nbd7 10.Rd1 Qb6 11.d5 Nxd5 12.Nxd5 Bxd5 13.Bxd5 exd5 14.Rxd5 Qc6 15.e4 Be7
16.Bg5 f6 17.Bf4  1/2-1/2

[Event "Nordic Net Club Cup"]
[Site "Internet ICC"]
[Date "2000.09.16"]
[Round "3"]
[White "Hansen,LB"]
[Black "Naes,F"]
[Result "1-0"]
[WhiteElo "2562"]
[BlackElo "2271"]

1.d4 d5 2.c4 dxc4 3.Nf3 Nf6 4.e3 e6 5.Bxc4 c5 6.O-O a6 7.Bd3 Nc6 8.a3 cxd4
9.exd4 Be7 10.Nc3 O-O 11.Bg5 Nd5 12.Nxd5 Qxd5 13.Bxe7 Nxe7 14.Qc2 h6 15.Rac1 Nc6
16.Bh7+ Kh8 17.Be4 Qd6 18.Bxc6 bxc6 19.Rfd1 Bb7 20.Ne5 Rac8 21.Qc5 Qd5 22.f3 Kg8
23.Qb4 Ba8 24.Rc5 Qd6 25.Nc4 Qf4 26.Qd2 Qxd2 27.Rxd2 Rfd8 28.Kf2 Rc7 29.Ke3 Rcd7
30.b4 f6 31.f4 Kf7 32.Na5 Rd6 33.h4 Kg6 34.h5+ Kf7 35.g3 Ke7 36.Nc4 Rd5 37.Nb6 R5d6
38.g4 Rb8 39.Nc4 Rd5 40.Na5 Rd6 41.Rdc2 Rbd8 42.R2c4 Kd7 43.Nb3 Kc7 44.Ra5 Kb6
45.Rac5 Bb7 46.Na5 Ba8 47.Nb3 Bb7 48.Rc3 Bc8 49.Na5 Bb7 50.Nc4+ Kc7 51.Nxd6 Rxd6
52.g5 fxg5 53.fxg5 Bc8 54.Rc2 Bd7 55.Rf2 Be8 56.gxh6 gxh6 57.Rf6 Kb6 58.Rxh6 Rd5
59.Rxd5 exd5 60.Rh8 Bf7 61.h6 Kb5 62.h7 Bg6 63.Rb8+  1-0

[Event "White Tower Open"]
[Site "Halkidiki GRE"]
[Date "2000.10.04"]
[Round "2"]
[White "Nikolaidis,K"]
[Black "Vulfson,V"]
[Result "1/2-1/2"]
[WhiteElo "2308"]
[BlackElo "2416"]

1.d4 d5 2.c4 dxc4 3.Nf3 Nf6 4.e3 e6 5.Bxc4 c5 6.O-O a6 7.Bb3 Nbd7 8.Qe2 b5
9.Rd1 Bb7 10.Nc3 Bd6 11.Bd2 O-O 12.Be1 Qe7 13.a3 Rad8 14.Ba2 e5 15.dxc5 Nxc5
16.b4 Ncd7 17.e4 Nb6 18.Rd3 Rc8 19.Nh4 g6 20.Rg3 Kh8 21.Rh3 Nc4 22.Bb3 Bb8
23.a4 Nd6 24.axb5 axb5 25.Nd5 Nxd5 26.Bxd5 Bxd5 27.exd5 Qf6 28.Rd1 e4 29.g3 Ba7
30.Ng2 Bd4 31.Ne3 Bc3 32.Rh4 Bxe1 33.Rxe1 Qc3 34.Rb1 f5 35.Ng2 Rf7 36.h3 Kg8
37.Qa2 Qc2 38.Qa1 Rfc7 39.Re1 Qc3 40.Qxc3 Rxc3 41.g4 f4 42.g5 f3 43.Ne3 Rc1
44.Rxc1 Rxc1+ 45.Kh2  1/2-1/2

[Event "Abihome Open"]
[Site "Brussels BEL"]
[Date "2000.10.07"]
[Round "3"]
[White "Pedersen,NV"]
[Black "Van den Doel,E"]
[Result "1-0"]
[WhiteElo "2345"]
[BlackElo "2547"]

1.d4 d5 2.c4 dxc4 3.Nf3 e6 4.e3 c5 5.Bxc4 Nf6 6.O-O a6 7.Bb3 Nc6 8.Qe2 cxd4
9.Rd1 d3 10.Rxd3 Qc7 11.e4 Ng4 12.Bg5 Bc5 13.Bh4 Nd4 14.Rxd4 Bxd4 15.Nc3 O-O
16.h3 Bxc3 17.Rc1 Ne5 18.Rxc3 Nxf3+ 19.Qxf3 Qe5 20.Be7 Re8 21.Rc5 Qxb2 22.Rc7 Qa1+
23.Bd1 e5 24.Kh2 Be6 25.Bb3 Bxb3 26.Qxb3 b5 27.Bf6 Re6 28.Bxg7 Qd4 29.Qf3 f6
30.Qh5  1-0

[Event "3rd Int"]
[Site "Torshavn FAI"]
[Date "2000.10.07"]
[Round "2"]
[White "Hansen,He"]
[Black "Naes,F"]
[Result "1/2-1/2"]
[WhiteElo "2047"]
[BlackElo "2271"]

1.d4 d5 2.Nf3 Nf6 3.c4 dxc4 4.e3 e6 5.Bxc4 c5 6.O-O a6 7.Bb3 Nc6 8.Qe2 Qc7
9.Nc3 b6 10.Rd1 Bb7 11.d5 exd5 12.Nxd5 Nxd5 13.Bxd5 Be7 14.e4 O-O 15.g3 b5
16.Bf4 Qb6 17.Ne5 Rad8 18.Nxc6 Bxc6 19.Qf3 Qb7 20.Rd2 Bf6 21.Be3 c4 22.Bc5 Rfe8
23.Rad1 Rc8 24.Bd4 Bxd4 25.Rxd4 Qe7 26.e5 Bxd5 27.Rxd5 Rc7 28.a3 h6 29.Qc3 Rc5
30.Qa5 Rxd5 31.Rxd5 Qg5 32.f4 Qg6 33.Rd2 Qc6 34.Rd8 Rxd8 35.Qxd8+ Kh7 36.Qd6 Qe4
37.Qb4 Qc2 38.h3 h5 39.h4 Kg6 40.Qd6+ Kf5 41.Qd4 Kg4 42.f5+ Kxf5 43.Qd7+ Kxe5
44.Qe7+ Kd4 45.Qd6+ Ke3 46.Qf4+ Kd3 47.Qf5+ Kd2 48.Qf4+ Kd1 49.Qf1+ Kd2 50.Qf4+  1/2-1/2

[Event "Cup Rectora"]
[Site "Kharkov UKR"]
[Date "2000.10.09"]
[Round "9"]
[White "Nikitin,An"]
[Black "Maly,A"]
[Result "1-0"]
[WhiteElo "2431"]
[BlackElo "2386"]

1.d4 d5 2.c4 dxc4 3.Nf3 Nf6 4.e3 e6 5.Bxc4 c5 6.O-O a6 7.Bb3 Nc6 8.Qe2 cxd4
9.Rd1 Be7 10.Nxd4 Qc7 11.Nc3 Bd7 12.e4 O-O 13.Bg5 Rfd8 14.Nf3 Ng4 15.Bxe7 Nxe7
16.Rac1 Nc6 17.h3 Nge5 18.Nxe5 Qxe5 19.Qe3 Be8 20.f4 Qa5 21.e5 Ne7 22.Ne4 Bc6
23.Nd6 Rd7 24.Nc4 Rxd1+ 25.Rxd1 Qc7 26.Nd6 Rd8 27.Qc5 Rd7 28.Kh2 Qd8 29.Rf1 Rc7
30.Rc1 h6 31.Rc3 g6 32.Rc2 Kg7 33.Rc3 Rd7 34.Rg3 Nc8 35.Nxc8 Qxc8 36.f5 exf5
37.e6 f4 38.Rg4 fxe6 39.Qe5+ Kh7 40.Qxe6 g5 41.Bc2+ Kg7 42.Qg6+ Kf8 43.Qxh6+ Kf7
44.Qg6+ Kf8 45.Qf6+ Rf7 46.Qh8+  1-0

[Event "Cup Rectora"]
[Site "Kharkov UKR"]
[Date "2000.10.10"]
[Round "10"]
[White "Bets,A"]
[Black "Maly,A"]
[Result "1-0"]
[WhiteElo "2361"]
[BlackElo "2386"]

1.d4 d5 2.Nf3 Nf6 3.c4 dxc4 4.e3 e6 5.Bxc4 c5 6.O-O a6 7.Bb3 b5 8.a4 b4 9.a5 Bb7
10.Ne5 Nbd7 11.Ba4 Qc7 12.e4 Bxe4 13.Bg5 Rd8 14.Nd2 Bd5 15.Nxd7 Rxd7 16.Bxd7+ Nxd7
17.dxc5 Bxc5 18.Qg4 Qe5 19.Qf4 Qxb2 20.Qc7 f6 21.Bf4 g5 22.Qc8+ Ke7 23.Qxh8 gxf4
24.Qxh7+ Kd6 25.Ne4+ Kc6 26.Rac1 Qd4 27.Nxc5 Nxc5 28.Qa7 Bc4 29.Rfd1 Nd3
30.Qxd4  1-0

[Event "22nd Open"]
[Site "Arco ITA"]
[Date "2000.10.22"]
[Round "2"]
[White "Piankov,E"]
[Black "Antoniacci,R"]
[Result "1-0"]
[WhiteElo "2365"]
[BlackElo "2065"]

1.d4 Nf6 2.Nf3 d5 3.c4 dxc4 4.e3 e6 5.Bxc4 c5 6.O-O a6 7.Qe2 b5 8.Bd3 Bb7
9.Rd1 Nbd7 10.a3 Qb6 11.Nc3 Be7 12.Bc2 O-O 13.e4 cxd4 14.Nxd4 Rac8 15.Be3 Qc7
16.Rac1 Nb6 17.Bb3 Qb8 18.Nxe6 Bd5 19.Nxd5 Nbxd5 20.Nxf8 Nxe3 21.Rxc8 Qxc8
22.Qxe3 Bc5 23.Rc1 Nxe4 24.Qxe4  1-0

[Event "4th OIBM"]
[Site "Bad Wiessee GER"]
[Date "2000.11.03"]
[Round "7"]
[White "Lerner,K"]
[Black "Grund,H"]
[Result "1-0"]
[WhiteElo "2583"]
[BlackElo "2475"]

1.d4 d5 2.c4 dxc4 3.e3 Nf6 4.Bxc4 e6 5.Nf3 c5 6.O-O a6 7.a4 Nc6 8.Qe2 cxd4
9.Rd1 d3 10.Bxd3 Qc7 11.Nbd2 Bc5 12.b3 Nb4 13.Bb2 Qe7 14.Ne4 Nxe4 15.Bxe4 O-O
16.Ne5 Rb8 17.Rac1 b6 18.Bc3 Qh4 19.Bf3 a5 20.g3 Qg5 21.h4 Qh6 22.Bxb4 axb4
23.Nc6 Rb7 24.Nxb4 Bxb4 25.Rxc8 Rxc8 26.Bxb7 Rb8 27.Rd7 Qf6 28.Qd1 g6 29.Kg2 Kg7
30.Qf3 Re8 31.Rd4 Bf8 32.Qc6 e5 33.Qxf6+ Kxf6 34.Rc4 Re7 35.Bc8 Re8 36.Rc6+ Kg7
37.Ba6 Rb8 38.Rc7 Re8 39.Bc4 Re7 40.Rc6 Rb7 41.Kf3 f5 42.e4 Bb4 43.Be6 b5
44.exf5 gxf5 45.Bxf5 bxa4 46.bxa4 Ra7 47.Bc2 Rd7 48.g4 Rf7+ 49.Ke2 Rf4 50.Rc7+ Kf8
51.f3 h5 52.g5 e4 53.Bxe4 Rxh4 54.g6 Rh2+ 55.Kf1 Rd2 56.g7+ Kg8 57.Bc2  1-0

[Event "Chigorin Mem"]
[Site "St Petersburg RUS"]
[Date "2000.11.05"]
[Round "5"]
[White "Yevseev,D"]
[Black "Praslov,A"]
[Result "1-0"]
[WhiteElo "2516"]
[BlackElo "2375"]

1.d4 d5 2.c4 dxc4 3.e3 Nf6 4.Bxc4 e6 5.Nf3 c5 6.O-O a6 7.Bb3 Nc6 8.Qe2 cxd4
9.Rd1 Be7 10.Nc3 O-O 11.Nxd4 Nxd4 12.exd4 Nd5 13.Qf3 Nxc3 14.bxc3 Qc7 15.c4 Bd7
16.Bf4 Qc6 17.Qg3 Rfd8 18.Be5 f6 19.d5 Qc5 20.Bd4 Qa3 21.Bb6 Rdc8 22.c5 Bxc5
23.dxe6 Be8 24.Bxc5 Qxc5 25.Rd7 Bg6 26.Rad1 b5 27.Bd5 Ra7 28.e7+ Kh8 29.Qxg6 hxg6
30.Rd8+ Kh7 31.e8=Q Rxd8 32.Qxd8 Qe7 33.Qg8+  1-0

[Event "34th Olympiad Women"]
[Site "Istanbul TUR"]
[Date "2000.11.12"]
[Round "14"]
[White "Agababean,N"]
[Black "Levushkina,E"]
[Result "1-0"]
[WhiteElo "2365"]
[BlackElo "2103"]

1.d4 d5 2.Nf3 Nf6 3.c4 dxc4 4.e3 e6 5.Bxc4 c5 6.O-O a6 7.Bb3 cxd4 8.exd4 Nc6
9.Nc3 Be7 10.a3 O-O 11.Bg5 Na5 12.Ba2 b5 13.Qe2 Bb7 14.Ne5 Nd5 15.Bd2 Nxc3
16.Bxc3 Nc6 17.Rad1 Bd6 18.Rd3 Ne7 19.Rh3 g6 20.Ng4 Nd5 21.Bxd5 Bxd5 22.Qe3 f5
23.Qh6 Rf7 24.Ne5 Bxe5 25.dxe5 Qf8 26.Qf4 Rc8 27.Bb4 Qd8 28.Rc1 Rxc1+ 29.Qxc1 Rc7
30.Bc3 Qa8 31.Rg3 Rc4 32.Qd2 Qc8 33.h3 Qb8 34.b3 Rc8 35.Bd4 Qb7 36.h4 Qc6
37.Rc3 Qb7 38.Rg3 Qc6 39.Kh2 Qc1 40.Qb4 Qf4 41.Bc5 Qxb4 42.axb4 Kf7 43.Rc3 Rc6
44.f3 Ke8 45.Kg3 Kf7 46.Kf4 Kg7 47.h5 gxh5 48.Kg5 h4 49.Kxh4 Kg6 50.f4 Rc8
51.g3 Kh6 52.g4 fxg4 53.f5 exf5 54.Be3+ f4 55.Bxf4+  1-0

[Event "34th Olympiad"]
[Site "Istanbul TUR"]
[Date "2000.11.12"]
[Round "14"]
[White "Ruzele,D"]
[Black "Godena,M"]
[Result "1/2-1/2"]
[WhiteElo "2541"]
[BlackElo "2485"]

1.d4 d5 2.Nf3 Nf6 3.c4 c6 4.e3 e6 5.Bd3 dxc4 6.Bxc4 c5 7.O-O a6 8.Qe2 b5
9.Bb3 Bb7 10.a4 Nbd7 11.axb5 axb5 12.Rxa8 Qxa8 13.Nc3 b4 14.Nb5 Qb8 15.e4 cxd4
16.Nfxd4 Bc5 17.Bxe6 O-O 18.Bc4 Bxe4 19.f3 Bd5  1/2-1/2

[Event "34th Olympiad"]
[Site "Istanbul TUR"]
[Date "2000.11.12"]
[Round "14"]
[White "Mohammad,S"]
[Black "Naes,F"]
[Result "1/2-1/2"]
[WhiteElo "2287"]
[BlackElo "2271"]

1.d4 d5 2.c4 dxc4 3.Nf3 Nf6 4.e3 e6 5.Bxc4 c5 6.O-O a6 7.Bd3 b6 8.Nc3 Bb7
9.Qe2 Nbd7 10.Rd1 Qb8 11.h3 Bd6 12.Bd2 O-O 13.Rac1 h6 14.a3 Rd8 15.Bb1 cxd4
16.exd4 Bf4 17.Ba2 Nf8 18.Be3 Ng6 19.Ne1 Qd6 20.Nd3 Rac8 21.Qd2 Bxe3 22.fxe3 Nh4
23.Ne1 Nf5 24.Qf2 Ng3 25.Nf3 Nfe4 26.Nxe4 Nxe4 27.Qe1 Bd5 28.Bb1 Qe7 29.Bd3 Qb7
30.Rxc8 Rxc8 31.Rc1 b5 32.Rxc8+ Qxc8 33.Nd2 Qc6 34.Nxe4 Bxe4 35.Bf1 Qc2 36.Qc3 Qa4
37.Be2 Kh7 38.Kf2 a5 39.b4 axb4 40.Qxb4 Qxb4 41.axb4 Bc6 42.Bd3+ Kg8 43.e4 Kf8
44.d5 exd5 45.exd5 Bxd5 46.Bxb5 Ke7 47.g3 Kd6 48.Ke3 Bg2 49.Bc4 f5 50.h4 g5
51.hxg5 hxg5 52.Kd4 f4  1/2-1/2

[Event "34th Olympiad Women"]
[Site "Istanbul TUR"]
[Date "2000.11.12"]
[Round "14"]
[White "Berezina,I"]
[Black "Danielian,E"]
[Result "0-1"]
[WhiteElo "2304"]
[BlackElo "2389"]

1.d4 d5 2.c4 dxc4 3.Nf3 Nf6 4.e3 e6 5.Bxc4 c5 6.O-O a6 7.dxc5 Qc7 8.b3 Bxc5
9.Bb2 Nbd7 10.a4 O-O 11.Nbd2 Bd6 12.Rc1 Qb8 13.h3 b5 14.axb5 axb5 15.Bd3 Ra2
16.Ba1 Nc5 17.Rxc5 Rxa1 18.Qxa1 Bxc5 19.Rc1 Bd6 20.Nd4 Bd7 21.Qa6 b4 22.Ne4 Nxe4
23.Bxe4 g6 24.Rc4 Rd8 25.Rc1 Bh2+ 26.Kh1 Be5 27.Bf3 Be8 28.g3 Bxd4 29.exd4 Bb5
30.Qa5 Rxd4 31.Rc5 Bd3 32.Rc7 Rd8 33.Rb7 Qc8 34.Kg2 h5 35.Rxb4 Qd7 36.Qg5 Qd6
37.Bxh5 Rc8 38.Rh4 Rc5 39.Qg4 Bf5 40.Qa4 gxh5 41.Rxh5 Qc6+ 42.Qxc6 Rxc6 43.Rh4 Rc2
44.Rb4 Rb2 45.g4 Bc2 46.Rb8+ Kg7 47.b4 Be4+ 48.Kg3 Rb3+ 49.Kf4 Bd5 50.h4 f6
51.g5 Rf3+ 52.Kg4 f5+  0-1

[Event "Czech Extra League 2000-1"]
[Site "CZE"]
[Date "2000.11.18"]
[Round "1"]
[White "Suran,J"]
[Black "Jirovsky,Pa"]
[Result "1/2-1/2"]
[WhiteElo "2332"]
[BlackElo "2348"]

1.d4 d5 2.Nf3 Nf6 3.c4 dxc4 4.e3 e6 5.Bxc4 c5 6.O-O a6 7.Qe2 b5 8.Bb3 Nbd7
9.Rd1 Bb7 10.Nc3 Qc7 11.h3 Be7 12.a3  1/2-1/2

[Event "Scaccomatto"]
[Site "Torino ITA"]
[Date "2000.11.21"]
[Round "4"]
[White "Genova,R"]
[Black "Antoniacci,R"]
[Result "1-0"]
[WhiteElo "2191"]
[BlackElo "2065"]

1.d4 d5 2.Nf3 Nf6 3.c4 dxc4 4.e3 e6 5.Bxc4 c5 6.O-O a6 7.Bb3 b5 8.a4 Bb7
9.Qe2 c4 10.Bc2 Nc6 11.b3 Na5 12.axb5 axb5 13.bxc4 Nxc4 14.Rxa8 Qxa8 15.Nbd2 Bd6
16.e4 Nxd2 17.Nxd2 Bf4 18.Qxb5+ Bc6 19.Qc5 Qb7 20.Nc4 Nd7 21.Qa3 Bc7 22.Nd6+ Bxd6
23.Qxd6 Nb6 24.d5 exd5 25.exd5 Bxd5 26.Bd3 Be6 27.Rd1  1-0

[Event "FSIMA December"]
[Site "Budapest HUN"]
[Date "2000.12.10"]
[Round "8"]
[White "Zimmerman,Y"]
[Black "Spielmann,Al"]
[Result "1/2-1/2"]
[WhiteElo "2379"]
[BlackElo "2275"]

1.d4 d5 2.c4 dxc4 3.Nf3 Nf6 4.e3 e6 5.Bxc4 c5 6.Qe2 a6 7.dxc5 Bxc5 8.a3 O-O
9.b4 Bd6 10.Nbd2 Nc6 11.Bb2 Qe7 12.Bd3 e5 13.Ne4 Nxe4 14.Bxe4 Bxb4+ 15.Nd2 Bd6
16.O-O Bd7 17.Rfd1 Rfd8 18.Nf3 Bc7 19.Qc2 h6 20.Bc3 Bg4 21.Rxd8+ Rxd8 22.Qb2 Bxf3
23.Bxf3 e4 24.Be2 Be5 25.Rb1 b5 26.h3 Rd5 27.Qa2 Rc5 28.Bb4 Nxb4 29.axb4 Rc6  1/2-1/2

[Event "TCh-YUG Women"]
[Site "Kragujevac YUG"]
[Date "2000.12.12"]
[Round "2"]
[White "Popovic,Al"]
[Black "Zarkovic,D"]
[Result "0-1"]
[WhiteElo "2045"]
[BlackElo "2073"]

1.d4 d5 2.c4 dxc4 3.Nf3 Nf6 4.e3 e6 5.Bxc4 c5 6.O-O a6 7.a4 Nc6 8.Qe2 cxd4
9.Rd1 Qc7 10.exd4 Be7 11.Nc3 O-O 12.Bd3 h6 13.Ne4 Nd5 14.Bb1 Bd7 15.Qc2 f5
16.Nc3 Ndb4 17.Qe2 Bd6 18.Ne5 Rad8 19.Bf4 Ne7 20.Qh5 Rf6 21.Bd3 Be8 22.Qh4 Nec6
23.Rac1 Qb8 24.Nxc6 Bxc6 25.Bxd6 Qxd6 26.Bc4 Rg6 27.Bf1 Nd5 28.Nxd5 Qxd5
29.f3 Rd7 30.Rc3 Bxa4 31.Rd2 Bb5 32.Qh5 Kh7 33.Rc5 Qxc5 34.dxc5 Rxd2 35.Bxb5 Rgxg2+
36.Kf1 axb5 37.Qe8 Rdf2+ 38.Ke1 Re2+ 39.Kf1 Rxh2 40.Kg1 Rhg2+ 41.Kf1 Rgf2+
42.Kg1 b4 43.Qd7 b3 44.Qc8 Rxf3 45.Qxb7 Rd3 46.Kf1 Rxb2 47.Ke1 Rc3  0-1

[Event "It"]
[Site "Kastav CRO"]
[Date "2000.12.15"]
[Round "4"]
[White "Petrov,J"]
[Black "Golubovic,B"]
[Result "1/2-1/2"]
[WhiteElo "2426"]
[BlackElo "2466"]

1.d4 d5 2.c4 dxc4 3.e3 Nf6 4.Bxc4 e6 5.Nf3 c5 6.O-O a6 7.dxc5 Qxd1 8.Rxd1 Bxc5
9.b3 b6 10.Be2 Bb7 11.Bb2 Nbd7 12.Nbd2 O-O 13.Rac1 Rac8 14.Rc2 Be7 15.Rdc1 Rxc2
16.Rxc2 Rc8 17.Rxc8+ Bxc8 18.Ne5 Nxe5 19.Bxe5  1/2-1/2

[Event "TCh-YUG Women"]
[Site "Kragujevac YUG"]
[Date "2000.12.17"]
[Round "7"]
[White "Stoisavljevic,S"]
[Black "Laketic,M"]
[Result "1-0"]
[WhiteElo "2083"]
[BlackElo "2153"]

1.d4 d5 2.Nf3 Nf6 3.c4 dxc4 4.e3 c5 5.Bxc4 e6 6.O-O Be7 7.Qe2 cxd4 8.exd4 O-O
9.Nc3 a6 10.a4 b6 11.Rd1 Bb7 12.Bg5 Re8 13.Ne5 Nbd7 14.Nxf7 Kxf7 15.Qxe6+ Kg6
16.Bd3+ Kxg5 17.Qe3+ Kh5 18.Qh3+ Kg5 19.f4+ Kxf4 20.Qf5+ Ke3 21.Qf2+  1-0

[Event "XIII Carlos Torre Open"]
[Site "Merida MEX"]
[Date "2000.12.18"]
[Round "5"]
[White "Garmendez,F"]
[Black "Gonzalez Garcia,J"]
[Result "1-0"]
[WhiteElo "2385"]
[BlackElo "2440"]

1.d4 d5 2.c4 dxc4 3.e3 Nf6 4.Bxc4 e6 5.Nf3 c5 6.O-O a6 7.Qe2 b5 8.Bb3 Bb7
9.Rd1 Nbd7 10.Nc3 Qb8 11.d5 c4 12.dxe6 fxe6 13.Bc2 Bd6 14.h3 O-O 15.a3 Qc7
16.e4 Bc5 17.Be3 Bxe3 18.Qxe3 Qc5 19.Nd4 Rae8 20.b4 Qe7 21.Nde2 Ne5 22.f4 Ng6
23.e5 Nd5 24.Nxd5 Bxd5 25.Bxg6 hxg6 26.Nc3 Ba8 27.Rd6 g5 28.fxg5 Rf5 29.Re1 Rxg5
30.Re2 Rf8 31.Rdd2 Rf3 32.Qd4 Rgg3 33.Qd8+ Qxd8 34.Rxd8+ Rf8 35.Rxf8+ Kxf8
36.Rc2 Re3 37.Kf2 Rxe5 38.g4 Rg5 39.Ke3 Ke7 40.Kf4 Kf6 41.h4 e5+ 42.Kg3 Rg6
43.a4 Ke7 44.axb5 Rb6 45.Re2 Ke6 46.Ra2 Bb7 47.bxa6 Rxa6 48.Rxa6+ Bxa6 49.Kf3 Bb7+
50.Ke3 e4 51.Kd4 e3 52.Kxe3 Ke5 53.b5 Bc8 54.b6 Kd6 55.g5 Kc6 56.h5 Kxb6
57.Nd5+ Kc5 58.Ne7  1-0

[Event "TCh-YUG Women"]
[Site "Kragujevac YUG"]
[Date "2000.12.20"]
[Round "10"]
[White "Alexandrova,O"]
[Black "Skripchenko,A"]
[Result "1-0"]
[WhiteElo "2421"]
[BlackElo "2450"]

1.d4 d5 2.c4 dxc4 3.Nf3 e6 4.e3 Nf6 5.Bxc4 c5 6.O-O a6 7.Bb3 b5 8.a4 b4 9.Nbd2 Be7
10.a5 O-O 11.Nc4 Nbd7 12.Qe2 Bb7 13.Rd1 Qc7 14.Nfe5 Rfd8 15.Bd2 cxd4 16.exd4 Bd5
17.Bg5 h6 18.Bf4 Qb7 19.f3 Rac8 20.Bc2 Nxe5 21.Nxe5 b3 22.Bd3 Ra8 23.Nc4 Nd7
24.Ne3 Bc6 25.Bc4 Bf6 26.d5 exd5 27.Nxd5 Re8 28.Nxf6+ Nxf6 29.Qd3 Qa7+ 30.Qd4 Qb7
31.Qd3 Qa7+ 32.Kh1 Nh5 33.Bd6 Rad8 34.Qxb3 Re3 35.Qb6 Qxb6 36.axb6 Bb7 37.Bc7 Rde8
38.Kg1 Nf6 39.Bxa6 Bxa6 40.Rxa6 Rb3 41.Rd2 Re6 42.Kf2 Kh7 43.Ra3 Rb5 44.Rad3 h5
45.b3 h4 46.h3 g5 47.Re2 Kg6 48.Rxe6 fxe6 49.Ke3 Rb4 50.Kd2 Nd5 51.Kc2 Kf5
52.Kb2 Rb5 53.Rd4 Kf6 54.Ka3 Ra5+ 55.Ra4 Rb5 56.b4 Nxb6 57.Bxb6 Rxb6 58.Ra7 Ke5
59.Rd7 Rb8 60.Ka4 Ra8+ 61.Kb3 Rb8 62.Rd2 Kf5 63.Re2 e5 64.Kc4 Ke6 65.b5 Rc8+
66.Kb4 Rb8 67.Rd2 Rb7 68.Kc5 Rc7+ 69.Kb6 Rc1 70.Kb7 Rb1 71.b6 Kf5 72.Rc2 Kf4
73.Kc7 Ke3 74.b7 Kd3 75.Rc6  1-0

[Event "XIII Carlos Torre Open"]
[Site "Merida MEX"]
[Date "2000.12.21"]
[Round "8"]
[White "Volzhin,A"]
[Black "Estrada Nieto,J"]
[Result "1/2-1/2"]
[WhiteElo "2556"]
[BlackElo "2397"]

1.d4 d5 2.c4 dxc4 3.e3 Nf6 4.Bxc4 e6 5.Nf3 c5 6.O-O a6 7.Bb3 cxd4 8.exd4 Nc6
9.Nc3 Be7 10.Re1 O-O 11.h4 Na5 12.Bc2 b5 13.Qd3 Bb7 14.h5 Bxf3 15.Qxf3 Qxd4
16.Bf4 h6 17.Rad1 Qc5 18.Qg3 Nxh5  1/2-1/2

[Event "Christmas Open"]
[Site "Zurich SUI"]
[Date "2000.12.30"]
[Round "7"]
[White "Epishin,V"]
[Black "Raetsky,A"]
[Result "1/2-1/2"]
[WhiteElo "2567"]
[BlackElo "2425"]

1.d4 d5 2.c4 dxc4 3.Nf3 Nf6 4.e3 e6 5.Bxc4 c5 6.O-O Nc6 7.Nc3 cxd4 8.exd4 Be7
9.Be3 O-O 10.Qe2 Na5 11.Bd3 b6 12.Rad1 Bb7 13.Bg5 Rc8 14.Rfe1 h6 15.Bd2 Bb4
16.a3 Be7 17.h3 Nb3 18.Be3 Na5 19.Bd2 Nb3 20.Be3 Na5 21.Bd2  1/2-1/2

[Event "Elbow Beach Club GMB"]
[Site "Paget Parish BER"]
[Date "2001.01.28"]
[Round "10"]
[White "Doettling,F"]
[Black "Thorhallsson,T"]
[Result "1-0"]
[WhiteElo "2509"]
[BlackElo "2462"]

1.d4 d5 2.c4 dxc4 3.e3 Nf6 4.Bxc4 e6 5.Nf3 c5 6.O-O a6 7.dxc5 Qxd1 8.Rxd1 Bxc5
9.Nbd2 Nbd7 10.Be2 b5 11.Nb3 Be7 12.Nfd4 Bb7 13.f3 Bd8 14.e4 Bb6 15.Be3 O-O
16.a4 bxa4 17.Rxa4 Rfb8 18.Na5 h6 19.Kf2 g5 20.Nxb7 Rxb7 21.b4 Rba7 22.Rda1 Nb8
23.Nb5 Bxe3+ 24.Kxe3 Rb7 25.Nd6 Rb6 26.Nc8 Rb7 27.b5 Nbd7 28.Nd6 Rc7 29.Rxa6 Rb8
30.Rc6 Rxc6 31.bxc6 Rb3+ 32.Kf2 Nb6 33.Ra6  1-0

[Event "12th Goodricke Open"]
[Site "Calcutta IND"]
[Date "2001.02.09"]
[Round "4"]
[White "Komarov,D"]
[Black "Murali Krishnan,B"]
[Result "1-0"]
[WhiteElo "2540"]
[BlackElo "2353"]

1.d4 d5 2.Nf3 Nf6 3.c4 dxc4 4.e3 e6 5.Bxc4 c5 6.Qe2 cxd4 7.exd4 Be7 8.O-O O-O
9.Nc3 a6 10.Bg5 b5 11.Bb3 b4 12.Ne4 Bb7 13.Bxf6 Bxf6 14.Rad1 Be7 15.Ne5 Nc6
16.Nc5 Bxc5 17.dxc5 Qc7 18.Nxf7 Na5 19.Nd6 Nxb3 20.Qxe6+ Kh8 21.Qxb3 Bc6
22.Qxb4 h6 23.Rfe1 Rab8 24.Qd4 a5 25.a3 Ra8 26.Rd3 Rf6 27.Rg3 Rd8 28.b4  1-0

[Event "12th Goodricke Open"]
[Site "Calcutta IND"]
[Date "2001.02.11"]
[Round "6"]
[White "Joshi,P"]
[Black "Ganguly,S"]
[Result "0-1"]
[WhiteElo "2285"]
[BlackElo "2456"]

1.d4 d5 2.c4 dxc4 3.Nf3 Nf6 4.e3 e6 5.Bxc4 c5 6.O-O a6 7.a4 Nc6 8.Qe2 cxd4
9.Rd1 Be7 10.exd4 O-O 11.Nc3 Nb4 12.Ne5 Bd7 13.d5 exd5 14.Nxd5 Nbxd5 15.Bxd5 Nxd5
16.Rxd5 Bg4 17.Qd3 Qxd5 18.Qxd5 Rad8 19.Qb3 Rd1+ 20.Qxd1 Bxd1 21.Bd2 Bb3
22.a5 Rd8 23.Bc3 Bc5 24.Re1 f6 25.Nf3 Kf7 26.Nd2 Bd5 27.Kf1 Re8 28.f3 Be3
29.Rd1 Re6 30.h3 f5 31.Ke2 Bc5+ 32.Kf1 g6 33.Re1 Ke7 34.Rxe6+ Bxe6 35.Ke2 Kd7
36.Kd3 Kc6 37.Nc4 Kb5 38.Na3+ Ka4 39.Nc2 Bb3 40.Nd4 Bb4 41.f4 Bd5 42.g4 fxg4
43.hxg4 h5 44.gxh5 gxh5 45.Nf5 Bxc3 46.Kxc3 Kxa5 47.Kd4 Ba2 48.Nd6 Kb4 49.Nxb7 h4
50.Nc5 h3 51.Nd3+ Kb3 52.Nf2 h2 53.Kc5 Kxb2 54.Kb6 Kc2  0-1

[Event "1st Open de L'Estuaire"]
[Site "Trignac FRA"]
[Date "2001.02.14"]
[Round "6"]
[White "Alawieh,A"]
[Black "Mercier,JL"]
[Result "1-0"]
[WhiteElo "2318"]
[BlackElo "2052"]

1.d4 d5 2.c4 dxc4 3.Nf3 Nf6 4.e3 e6 5.Bxc4 c5 6.O-O Nc6 7.Qe2 a6 8.Rd1 b5
9.Bb3 c4 10.Bc2 Nb4 11.e4 Nxc2 12.Qxc2 Bb7 13.d5 exd5 14.exd5 Bd6 15.Bg5 h6
16.Re1+ Kf8 17.Bxf6 Qxf6 18.Nc3 g5 19.Ne4 Qf4 20.Qc3  1-0